Managing cybersecurity resources : a cost-benefit analysis
Αποθηκεύτηκε σε:
| Κύριος συγγραφέας: | |
|---|---|
| Άλλοι συγγραφείς: | |
| Μορφή: | Βιβλίο |
| Γλώσσα: | English |
| Δημοσίευση: |
New York :
McGraw-Hill,
c2006
|
| Θέματα: | |
| Ετικέτες: |
Προσθήκη ετικέτας
Δεν υπάρχουν, Καταχωρήστε ετικέτα πρώτοι!
|
MARC
| LEADER | 00000nam a2200000 i 4500 | ||
|---|---|---|---|
| 001 | 1/47818 | ||
| 008 | 070707s2006 eng d | ||
| 020 | |a 0-07-145285-0 | ||
| 035 | |l 10088744 | ||
| 040 | |a GR-MY-UA |b gre |e aacr | ||
| 041 | 0 | |a eng | |
| 082 | 0 | |a 658.478 |2 (22) | |
| 100 | 1 | |a Gordon, Lawrence A. | |
| 245 | 1 | 0 | |a Managing cybersecurity resources : |b a cost-benefit analysis / |c by Lawrence A. Gordon and Martin P. Loeb |
| 260 | |a New York : |b McGraw-Hill, |c c2006 | ||
| 300 | |a xi, 223 σ.; |b εικ.; |c 24 εκ. | ||
| 504 | |a Βιβλιογραφία: σ.183-209. Ευρετήριο | ||
| 650 | 0 | 0 | |a Business |x Data processing |x Security measures. |
| 650 | 0 | 0 | |a Computer security. |
| 650 | 0 | 0 | |a Information technology |x Security measures. |
| 650 | 0 | 0 | |a Data protection. |
| 700 | 1 | |a Loeb, Martin P. | |
| 852 | |a INST |b SAMOS |e 20070707 |h 658.478 GOR |p 005300025830 |q 005300025830 |t BK |y 0 | ||
| 901 | |a BIBL3-2007-2 | ||
| 909 | |a Σ |b 135672 | ||
| 922 | |a 3ΕΛΗ |b 200706 |c ΕΠΕΑΕΚ2/ΤΜΠΕΣ |d ΠΑΠΑΣΩΤΗΡΙΟΥ | ||
| 970 | |a ΒΛΑΧΟΥ |b ΒΑΣΙΛΙΚΗ |z 2007/07/07 | ||